Understanding journalism / (Record no. 63615)

MARC details
000 -LEADER
fixed length control field 00434nam a22001457a 4500
005 - DATE AND TIME OF LATEST TRANSACTION
control field 20180726142956.0
020 ## - INTERNATIONAL STANDARD BOOK NUMBER
International Standard Book Number 8178292149
Terms of availability 00.00
035 ## - SYSTEM CONTROL NUMBER
System control number B-119556, B-119558
037 ## - SOURCE OF ACQUISITION
Stock number DPL
Source of stock number/acquisition ENG
100 ## - MAIN ENTRY--PERSONAL NAME
Personal name Burns, Lynette Sheridan
245 ## - TITLE STATEMENT
Title Understanding journalism /
Statement of responsibility, etc by Lynette Sheridan Burns
260 ## - PUBLICATION, DISTRIBUTION, ETC. (IMPRINT)
Place of publication, distribution, etc New Delhi
Name of publisher, distributor, etc Vistaar Publications
Date of publication, distribution, etc 2004
300 ## - PHYSICAL DESCRIPTION
Extent ix, 186p.
Dimensions 20 cms.
942 ## - ADDED ENTRY ELEMENTS (KOHA)
Source of classification or shelving scheme Dewey Decimal Classification
Item type English Books
Classification part 070.4
Call number suffix BUR
Holdings
Withdrawn status Lost status Not for loan Collection code Home library Current library Date acquired Cost, normal purchase price Full call number Barcode Cost, replacement price Koha item type Public note Source of acquisition
      Non-fiction Bawana Bawana 29/02/2012 0.00 070.4 BUR B-119557 0.00 English Books    
      Non-fiction Sarojini Nagar Sarojini Nagar 29/02/2012 0.00 070.4 BUR B-119556 0.00 English Books Withdrawn List Prepared L.No.06/4  
        Shahdara Branch Shahdara Branch 26/07/2018 0.00 070.4 BUR B-119558 0.00 English Books   BPPD/PUB
      Non-fiction Yojana Vihar Yojana Vihar 27/10/2018 0.00 070.4 BUR B-119559 0.00 English Books   BPPD/PUB

© Delhi Public Library
Hit Counter
free hit counter